000 00633nam a2200193 a 4500
005 20240608063651.0
008 991125s1900 es 000 0 spa u
035 _aUPN01000034051
049 _aLT
050 4 _aLB1577 M6
_bB7.5
100 1 _aBruño, G. M.
_930581
245 1 0 _aLecciones de lengua española :
_b1er. año, ó, Curso elemental /
_cpor G. M. Bruño
260 _aMadrid :
_bG. M. Bruño,
_c[1900?].
300 _a156 p. :
_bil.
650 4 _aEspañol
_xEstudio y enseñanza (Elemental)
_92806
650 4 _aEspañol
_xGramática
_xEstudio y enseñanza (Elemental)
_913348
740 0 _aCurso elemental
905 _aLibro
999 _c34051
_d34051